Представление документа в формате RUSMARC

ПолеНазваниеЗначение
  Тип записи a
  Библиографический уровень m
001 Контрольный номер RU/REG73/CBS_GRAD2/669898494
005 Дата корректировки 20221122154857.5
010 Индекс ISBN __
a ISBN 978-5-903817-22-1
101 Язык документа __
a Язык текста rus
200 Заглавие и сведения об ответственности __
a Заглавие История Карсуна в событиях и лицах
e Сведения, относящиеся к заглавию Сборник краеведческий статей
f Первые сведения об ответственности Валерий Волынцев
b Общее обозначение материала Текст
203 Вид содержания и тип средства __
a Вид содержания Текст (визуальный) : непосредственный
210 Выходные данные __
a Место издания Ульяновск
c Издательство ООО "Регион-Инвест"
d Дата издания 2007
215 Физическое описание __
a Объем 224 с.
c Иллюстрации/тип воспроизводства ил.
686 Индексы других классификаций __
a Классификационный индекс 63.3(2Рос235.54)
700 Автор __
a Фамилия Волынцев
g Полное личное имя Валерий Алексеевич
801 Источник записи _0
a Страна RU
b Организация RuCBSGrad
g Правила каталогизации PSBO
801 Источник записи _1
a Страна RU
b Организация RuCBSGrad
g Правила каталогизации PSBO
901 Тип документа __
t Тип документа m
981 __
b i
g e
2 isbdcontent
982 __
b n
2 isbdmedia
993 __
a 52615
b 28718
e 230862
f ЦГДБ
h 50.00
i 230862
m 1
n 44278
o I
p 50.00
x 1
y 1
z К 63.3(2...)